Mission Moon / by Drew Brockington.
Alerted to a global energy crisis, the President consults with the World's Best Scientist, who suggests sending a special group of astronauts to turn the Moon into a solar power plant.
Record details
- ISBN: 9780316307475
- ISBN: 0316307475
- Physical Description: 1 volume (unpaged) : color illustrations ; 21 cm.
- Edition: First edition.
- Publisher: New York ; Little, Brown and Company, 2017.
Search for related items by subject
| Subject: | Astronauts > Juvenile fiction. Space flight to the moon > Juvenile fiction. Presidents > Juvenile fiction. Cats > Juvenile fiction. Graphic novels > Juvenile fiction. |
| Genre: | Humorous fiction. Science fiction. Children's stories. |
Search for related items by series
Available copies
- 1 of 1 copy available at scottsboropl.
Holds
- 0 current holds with 1 total copy.
Show Only Available Copies
| Location | Call Number / Copy Notes | Barcode | Shelving Location | Status | Due Date |
|---|---|---|---|---|---|
| scottsboropl | J GN Bro | 32269001110942 | Juvenile - Graphic Novel | Available | - |
| LDR | 01676cam a2200433 i 4500 | ||
|---|---|---|---|
| 001 | 150858 | ||
| 003 | CONS | ||
| 005 | 20190612124939.0 | ||
| 008 | 160129s2017 nyua c 6 000 1 eng | ||
| 010 | . | ‡a 2015039108 | |
| 020 | . | ‡a9780316307475 ‡q(hardcover) | |
| 020 | . | ‡a0316307475 ‡q(hardcover) | |
| 035 | . | ‡a(CPomAG)LMN612056 | |
| 042 | . | ‡alcac ‡apcc | |
| 050 | 0 | 0. | ‡aPZ7.7.B76 ‡bCat 2017 |
| 082 | 0 | 0. | ‡a741.5/973 ‡223 |
| 100 | 1 | . | ‡aBrockington, Drew, ‡eauthor. |
| 245 | 1 | 0. | ‡aMission Moon / ‡cby Drew Brockington. |
| 250 | . | ‡aFirst edition. | |
| 264 | 1. | ‡aNew York ; ‡aBoston : ‡bLittle, Brown and Company, ‡c2017. | |
| 300 | . | ‡a1 volume (unpaged) : ‡bcolor illustrations ; ‡c21 cm. | |
| 336 | . | ‡atext ‡btxt ‡2rdacontent | |
| 336 | . | ‡astill image ‡bsti ‡2rdacontent | |
| 337 | . | ‡aunmediated ‡bn ‡2rdamedia | |
| 338 | . | ‡avolume ‡bnc ‡2rdacarrier | |
| 490 | 1 | . | ‡aCatStronauts ; ‡v1 |
| 520 | . | ‡aAlerted to a global energy crisis, the President consults with the World's Best Scientist, who suggests sending a special group of astronauts to turn the Moon into a solar power plant. | |
| 650 | 0. | ‡aAstronauts ‡vJuvenile fiction. | |
| 650 | 0. | ‡aSpace flight to the moon ‡vJuvenile fiction. | |
| 650 | 0. | ‡aPresidents ‡vJuvenile fiction. | |
| 650 | 0. | ‡aCats ‡vJuvenile fiction. | |
| 650 | 0. | ‡aGraphic novels ‡vJuvenile fiction. | |
| 655 | 7. | ‡aHumorous fiction. ‡2lcgft | |
| 655 | 7. | ‡aScience fiction. ‡2lcgft | |
| 655 | 0. | ‡aChildren's stories. | |
| 800 | 1 | . | ‡aBrockington, Drew. ‡tCatStronauts ; ‡v1. |
| 914 | . | ‡aSCP_LP | |
| 959 | . | ‡i32269001110942 ‡lJ GN Bro ‡aJuvenile - Graphic Novel ‡tGraphic Novel ‡g25.00 | |
| 852 | . | ‡p32269001110942 ‡jJ GN Bro ‡gJuvenile - Graphic Novel ‡cGraphic Novel ‡y25.00 ‡bSBPL | |
| 901 | . | ‡a150858 ‡bUnknown ‡c150858 ‡tbiblio | |